|
|
|
|
| LEADER |
01399nam a2200385 a 4500 |
| 001 |
EBC165978 |
| 003 |
MiAaPQ |
| 005 |
20200520144314.0 |
| 006 |
m o d | |
| 007 |
cr cn||||||||| |
| 008 |
011029s2000 enk sb 001 0 eng |
| 010 |
|
|
|z 00035310
|
| 015 |
|
|
|a GBA1-61813
|
| 016 |
7 |
|
|a 0415213827
|2 Uk
|
| 020 |
|
|
|z 0415213827
|
| 035 |
|
|
|a (MiAaPQ)EBC165978
|
| 035 |
|
|
|a (Au-PeEL)EBL165978
|
| 035 |
|
|
|a (CaPaEBR)ebr5002088
|
| 035 |
|
|
|a (CaONFJC)MIL32647
|
| 035 |
|
|
|a (OCoLC)277846301
|
| 040 |
|
|
|a MiAaPQ
|c MiAaPQ
|d MiAaPQ
|
| 050 |
|
4 |
|a HF5413
|b .C73 2000
|
| 082 |
0 |
4 |
|a 658.8
|2 21
|
| 100 |
1 |
|
|a Crane, Andrew,
|d 1968-
|
| 245 |
1 |
0 |
|a Marketing, morality and the natural environment
|h [electronic resource] /
|c Andrew Crane.
|
| 260 |
|
|
|a London :
|b Routledge,
|c 2000.
|
| 300 |
|
|
|a x, 208 p.
|
| 490 |
1 |
|
|a Routledge advances in management and business studies
|
| 504 |
|
|
|a Includes bibliographical references and index.
|
| 533 |
|
|
|a Electronic reproduction. Ann Arbor, MI : ProQuest, 2015. Available via World Wide Web. Access may be limited to ProQuest affiliated libraries.
|
| 650 |
|
0 |
|a Green marketing
|x Moral and ethical aspects.
|
| 655 |
|
4 |
|a Electronic books.
|
| 710 |
2 |
|
|a ProQuest (Firm)
|
| 830 |
|
0 |
|a Routledge advances in management and business studies.
|
| 856 |
4 |
0 |
|u https://ebookcentral.proquest.com/lib/matrademy/detail.action?docID=165978
|z Click to View
|